[Event "GBR-ch 104th"]
[Site "Llandudno"]
[Date "2017.07.31"]
[Round "3"]
[White "Ahluwalia, Amardip"]
[Black "Willmoth, Robert"]
[Result "0-1"]
[WhiteElo "1995"]
[BlackElo "2211"]
[PlyCount "92"]
[EventDate "2017.07.29"]
[EventType "swiss"]
[EventRounds "9"]
[EventCountry "WLS"]
[SourceTitle "CBM 179 Extra"]
[Source "ChessBase"]
[SourceDate "2017.08.23"]
[SourceVersion "1"]
[SourceVersionDate "2017.08.23"]
[SourceQuality "1"]

1. e4 d6 2. d4 Nf6 3. Nc3 c6 4. Nf3 Bg4 5. h3 Bh5 6. Qe2 e6 7. g4 Bg6 8. h4 h5 9. g5 Nfd7 10. Bh3 Be7 11. d5 cxd5 12. exd5 e5 13. Be3 Na6 14. 0-0-0 0-0 15. a3 Nac5 16. Nd2 Re8 17. Rhf1 Rb8 18. f4 exf4 19. Rxf4 Bf8 20. Qf2 Qe7 21. Bd4 Ne5 22. Bxc5 dxc5 23. d6 Qxd6 24. Nc4 Qa6 25. Nxe5 Rxe5 26. Rd7 Re7 27. Rxe7 Bxe7 28. Bf1 Qc6 29. Bg2 Qd7 30. Be4 Rd8 31. Bxg6 fxg6 32. Rf3 Qc6 33. Qe3 Bd6 34. Qe6+ Kh7 35. Qe4 Qd7 36. Rd3 Qf5 37. Rf3 Qd7 38. Rd3 Qf5 39. Rf3 Qg4 40. Kb1 b5 41. Rf7 b4 42. axb4 cxb4 43. Qb7 Bf8 44. Nd5 Qd1+ 45. Ka2 Qxc2 46. Rd7 b3+ 0-1